History Quiz

Random History or Country Quiz

Country by Famous Person II Quiz Stats

 Plays Quiz Updated Feb 8, 2016

Challenge
Share
Tweet
Score 0/25 Timer 07:00
0 Plays Today
% Correct
Ireland (Bono)
92.7%
Austria (Adolf Hitler)
86.9%
North Korea (Kim Jong-un)
85.8%
Portugal (Cristiano Ronaldo)
76.1%
Iraq (Saddam Hussein)
75.7%
Iceland (Björk)
62.3%
Japan (Ichiro Suzuki)
59.7%
Barbados (Rihanna)
55.2%
Israel (Natalie Portman)
49.2%
Afghanistan (Hamid Karzai)
45.9%
Cuba (Jose Canseco)
37.9%
Egypt (Omar Sharif)
36.1%
Ethiopia (Haile Selassie)
33.7%
% Correct
Belgium (Audrey Hepburn)
27.4%
Indonesia (Suharto)
26.7%
Macedonia (Mother Teresa)
25.1%
Greece (Yanni)
22.4%
Nepal (Tenzing Norgay)
22.2%
New Zealand (Edmund Hillary)
21.1%
Somalia (Iman)
21%
Kenya (Wangari Maathai)
19.2%
Iran (Mohammad Reza Shah Pahlavi)
19.1%
Haiti (Wyclef Jean)
13.1%
Norway (Henrik Ibsen)
13%
Chile (Pablo Neruda)
4.6%

You're not logged in!

Compare scores with friends on all Sporcle quizzes.
Join for Free
OR
Log In

You Might Also Like...

Show Comments

Extras

Top Quizzes Today


Score Distribution

Your Account Isn't Verified!

In order to create a playlist on Sporcle, you need to verify the email address you used during registration. Go to your Sporcle Settings to finish the process.

Report this User

Report this user for behavior that violates our Community Guidelines.

Details: